| 000 | 00870nam a2200253 i 4500 | ||
|---|---|---|---|
| 001 | 101441 | ||
| 003 | ES-MaACL | ||
| 005 | 20250810063032.0 | ||
| 007 | t| | ||
| 008 | 051018s1977 sp f |||| |bspa d | ||
| 100 | 1 |
_aMazón de la Torre, María Ángeles, _d1916- _979488 |
|
| 245 | 1 | 0 |
_aJusepe Leonardo y su tiempo / _cMaría Angeles Mazón de la Torre. |
| 260 |
_aZaragoza : _bInstitución Fernando el Católico, _c1977. |
||
| 300 |
_a471 p., lám. 1-52, 1 lám. ; _c24 cm. |
||
| 490 | 1 |
_aTesis doctorales ; _v25 |
|
| 500 | _aÍndices. | ||
| 504 | _aReferencias bibliográficas. | ||
| 600 | 1 | 7 |
_aLeonardo, José, _d1601-1652 _2 _9168575 |
| 650 | 4 |
_aPintura barroca- _zEspaña. _9150992 |
|
| 710 | 2 |
_aInstitución "Fernando el Católico" _94721 |
|
| 830 | 0 |
_aTesis doctorales ; _v25 _9177408 |
|
| 852 |
_aES-MaACL _jA-7747 |
||
| 999 |
_c101441 _d101441 |
||